000 00615nam a2200277Ia 4500
008 210210b2016 xxu||||| |||| 00| 0 eng d
020 _a9789352621620
041 _aeng
082 _a332.1 GORB
100 _aGORDON (E)
245 _aBanking: theory law and practice Rev Ed 25
250 _a
260 _aMumbai
_bHimalaya Publishing House
_c2016
300 _ax,502
650 _atheory
650 _aRev
650 _apractice
650 _alaw
650 _aEd
650 _aBanking:
650 _aand
650 _a25
690 _aBanking
700 _aNATARAJAN (K)
906 _a071034
999 _c120439
_d120439